<?xml version='1.0' encoding='UTF-8'?><?xml-stylesheet href='static/style.xsl' type='text/xsl'?><OAI-PMH xmlns="http://www.openarchives.org/OAI/2.0/" xmlns:xsi="http://www.w3.org/2001/XMLSchema-instance" xsi:schemaLocation="http://www.openarchives.org/OAI/2.0/ http://www.openarchives.org/OAI/2.0/OAI-PMH.xsd"><responseDate>2026-04-30T16:39:17Z</responseDate><request verb="GetRecord" identifier="oai:ebiltegia.mondragon.edu:20.500.11984/4161" metadataPrefix="marc">https://ebiltegia.mondragon.edu/oai/request</request><GetRecord><record><header><identifier>oai:ebiltegia.mondragon.edu:20.500.11984/4161</identifier><datestamp>2024-01-04T21:56:54Z</datestamp><setSpec>com_20.500.11984_1736</setSpec><setSpec>com_20.500.11984_1627</setSpec><setSpec>col_20.500.11984_1972</setSpec></header><metadata><record xmlns="http://www.loc.gov/MARC21/slim" xmlns:dcterms="http://purl.org/dc/terms/" xmlns:xsi="http://www.w3.org/2001/XMLSchema-instance" xmlns:doc="http://www.lyncode.com/xoai" xsi:schemaLocation="http://www.loc.gov/MARC21/slim http://www.loc.gov/standards/marcxml/schema/MARC21slim.xsd">
   <leader>00925njm 22002777a 4500</leader>
   <datafield ind2=" " ind1=" " tag="042">
      <subfield code="a">dc</subfield>
   </datafield>
   <datafield ind2=" " ind1=" " tag="720">
      <subfield code="a">Mondragon Unibertsitatea</subfield>
      <subfield code="e">author</subfield>
   </datafield>
   <datafield ind2=" " ind1=" " tag="260">
      <subfield code="c">2015-02-05</subfield>
   </datafield>
   <datafield ind2=" " ind1=" " tag="520">
      <subfield code="a">Errepideen egoera aztertu ondoren, gaur, otsailak 5, osteguna, GOI ESKOLA POLITEKNIKOAN, ARRASATEN, ez da klaserik egongo.&#xd;
Bihar, otsailak 6, ostirala, goizeko 6:15etan jarriko dugu webgunean goizeko txandarako hartuko den erabakiaren berri.</subfield>
   </datafield>
   <datafield ind2=" " ind1=" " tag="520">
      <subfield code="a">Tras analizar el estado de las carreteras, hoy, 5 de febrero, jueves, las clases del turno de tarde quedan suspendidas  en la ESCUELA POLITEKNIKOA SUPERIOR de MONDRAGON. &#xd;
Mañana, 6 de febrero, viernes, a las 6:15 de la mañana volveremos a colgar en esta web la decisión que se tome sobre las clases.</subfield>
   </datafield>
   <datafield ind1="8" ind2=" " tag="024">
      <subfield code="a">https://hdl.handle.net/20.500.11984/4161</subfield>
   </datafield>
   <datafield tag="653" ind2=" " ind1=" ">
      <subfield code="a">Goi Eskola Politeknikoa</subfield>
   </datafield>
   <datafield tag="653" ind2=" " ind1=" ">
      <subfield code="a">Escuela Politécnica Superior</subfield>
   </datafield>
   <datafield ind2="0" ind1="0" tag="245">
      <subfield code="a">Gaur arratsaldean ez da klaserik egongo ARRASATEN</subfield>
   </datafield>
   <datafield ind2="0" ind1="0" tag="245">
      <subfield code="a">Jueves, 5 de febrero, se supenden las clases del turno de tarde</subfield>
   </datafield>
</record></metadata></record></GetRecord></OAI-PMH>